Automatická kontrola kvality výrobku s využitím algoritmov počítačového videnia
Saved in:
| Main Author: | |
|---|---|
| Other Authors: | |
| Format: | Manuscript Book |
| Language: | Slovak |
| Published: |
Bratislava :
STU v Bratislave FEI,
2025
|
| Subjects: | |
| Online Access: | https://opac.crzp.sk/?fn=detailBiblioFormChildYIKLV&sid=BA75C2D62745AD5726EF969ED92F&seo=CRZP-detail-kniha |
| Tags: |
No Tags, Be the first to tag this record!
|
MARC
| LEADER | 00000ntm a22000003a 4500 | ||
|---|---|---|---|
| 001 | stuzp103898 | ||
| 003 | SK-STU | ||
| 005 | 20251104111840.4 | ||
| 007 | ta | ||
| 008 | 150427s2015----xo-----f-mn---000-0-slo-d | ||
| 040 | |a STU |b slo | ||
| 041 | 0 | |a slo | |
| 044 | |a xo | ||
| 100 | 1 | |a Pauliny, Kristián |u 030400 |4 aut |U FEI Fakulta elektrotechniky a informatiky |T FEI Ústav automobilovej mechatroniky |X 122596 |U E400 |Y 642 |7 122596 | |
| 242 | 0 | 1 | |a Automated quality control of a product using computer vision algorithms |y eng |
| 245 | 1 | 0 | |a Automatická kontrola kvality výrobku s využitím algoritmov počítačového videnia |
| 260 | |a Bratislava : |b STU v Bratislave FEI, |c 2025 | ||
| 300 | |a 61 s. | ||
| 650 | 4 | |a počítačové videnie |2 slo | |
| 650 | 4 | |a neurónová sieť |2 slo | |
| 650 | 4 | |a Strojové učenie |2 slo | |
| 650 | 4 | |a konvolučná sieť |2 slo | |
| 650 | 4 | |a minca |2 slo | |
| 650 | 4 | |a kontrola kvality |2 slo | |
| 650 | 4 | |a Machine learning |2 eng | |
| 650 | 4 | |a coin |2 eng | |
| 650 | 4 | |a quality control |2 eng | |
| 650 | 4 | |a computer vision |2 eng | |
| 650 | 4 | |a neural network |2 eng | |
| 650 | 4 | |a convolutional neural network |2 eng | |
| 700 | 1 | |a Schwarz, Richard |u 030400 |k Z3 |4 ths |U FEI Fakulta elektrotechniky a informatiky |T FEI Ústav automobilovej mechatroniky |X 86011 |U E400 |Y 642 |7 86011 | |
| 856 | 4 | |u https://opac.crzp.sk/?fn=detailBiblioFormChildYIKLV&sid=BA75C2D62745AD5726EF969ED92F&seo=CRZP-detail-kniha | |